书目信息 |
| 题名: |
品牌苦旅
|
|
| 作者: | 刘永炬 著 | |
| 分册: | ||
| 出版信息: | 北京 京华出版社 2006.01 |
|
| 页数: | 232页 | |
| 开本: | 24cm | |
| 丛书名: | ||
| 单 册: | ||
| 中图分类: | F273.2 | |
| 科图分类: | ||
| 主题词: | 企业管理--qi ye guan li--质量管理 | |
| 电子资源: | ||
| ISBN: | 7-80724-157-8 | |
| 000 | 00802nam0 2200229 450 | |
| 001 | 012006038900 | |
| 005 | 20060701084506.70 | |
| 010 | @a7-80724-157-8@dCNY32.00 | |
| 100 | @a20060610d2006 km y0chiy0120 ea | |
| 101 | 0 | @achi |
| 102 | @aCN@b110000 | |
| 105 | @aa z 000yy | |
| 200 | 1 | @a品牌苦旅@Apin pai ku lu@e让你必须知道的N个事实@f刘永炬著@Fliu yong ju zhu |
| 210 | @a北京@c京华出版社@d2006.01 | |
| 215 | @a232页@c图@d24cm | |
| 330 | @a本书主要内容有人民的品牌观念远远落后与市场,品牌其实最虚伪,“知名”靠的实机遇,“著名”靠的是手段等内容。 | |
| 517 | 1 | @a让你必须知道的N个事实@Arang ni bi xu zhi dao de N ge shi shi |
| 606 | 0 | @a企业管理@Aqi ye guan li@x质量管理 |
| 690 | @aF273.2@v4 | |
| 701 | 0 | @a刘永炬@Aliu yong ju@4著 |
| 801 | 0 | @aCN@bQSSK@c20060701 |
| 905 | @a10447@dF273.2@eL712 | |
| 品牌苦旅:让你必须知道的N个事实/刘永炬著.-北京:京华出版社,2006.01 |
| 232页:图;24cm |
| ISBN 7-80724-157-8:CNY32.00 |
| 本书主要内容有人民的品牌观念远远落后与市场,品牌其实最虚伪,“知名”靠的实机遇,“著名”靠的是手段等内容。 |
| ● |
| 相关链接 |
|
|
|
正题名:品牌苦旅
索取号:F273.2/L712
 
预约/预借
| 序号 | 登录号 | 条形码 | 馆藏地/架位号 | 状态 | 备注 |
| 1 | 582801 | 205828014 | 社科库409/409社科库 92排2列5层/ [索取号:F273.2/L712] | 在馆 | |
| 2 | 582802 | 205828023 | 社科库409/409社科库 92排2列5层/ [索取号:F273.2/L712] | 在馆 | |
| 3 | 582803 | 205828032 | 社科库409/409社科库 92排2列5层/ [索取号:F273.2/L712] | 在馆 |